Marque de voiture A à Z - Image - Statistiques

Statistiques générales
  • Ce quiz a été pris 311 fois
  • Le résultat moyen est 12 sur 26
Statistiques - réponses
Par images Réponse % Correct
Bugatti
94%
Ferrari
90%
Alfa Roméo
87%
Renault
84%
Opel
82%
Nissan
76%
Suzuki
76%
Volkswagen
74%
KIA
72%
Maserati
71%
Jaguar
67%
Honda
62%
Pagani
57%
Chrysler
56%
Infiniti
53%
Toyota
50%
GMC
40%
Lincoln
20%
Zenvo
15%
Daihatsu
10%
Excalibur
4%
Wiesmann
3%
Qoros
2%
Unic
1%
Xinkai
1%
Yulon Motor
0%
Aucun quiz correspondant
Distribution des résultats
% des personnes avec chaque résultat
Percentile par nombre de réponses
Votre historique - résultats
Vous n’avez pas pris ce quiz